|
|
|
|
| LEADER |
00000nam a2200000 a 4500 |
| 001 |
vtls001323735 |
| 003 |
SK-MaSNL |
| 005 |
20260301005514.0 |
| 008 |
240318s1988 xr 0 cze |
| 035 |
|
|
|a SNK000276434
|
| 040 |
|
|
|a SNK
|b slo
|c SNK
|e AACR2
|
| 041 |
0 |
|
|a cze
|
| 044 |
|
|
|a CZ
|
| 080 |
|
|
|a 311(075.8)
|2 1981
|
| 100 |
1 |
|
|a Gregor, Miroslav
|d 1931-
|4 aut
|9 52532
|
| 245 |
1 |
0 |
|a Statistika pro sociology
|b pro posl. fak. filoz.
|c Miroslav Gregor, Svatomíra Přadková, Daniela Spěšná
|
| 260 |
|
|
|a Brno
|b Univ. J.E. Purkyně
|c 1988
|
| 300 |
|
|
|a 141 s.
|c 4°
|
| 650 |
0 |
7 |
|a štatistika
|x učebnice vysokých škôl
|2 SNK
|9 62498
|
| 700 |
1 |
|
|a Přadková, Svatomíra
|4 aut
|9 289913
|
| 700 |
1 |
|
|a Spěšná, Daniela
|4 aut
|9 289914
|
| 958 |
|
|
|a RK
|
| 958 |
|
|
|a OND
|
| 999 |
|
|
|c 545358
|d 547288
|
| 952 |
|
|
|t P60, <04>, [BOOK], {604}
|a SNK
|b SNK
|y VYP
|7 0
|o snkIB 61406
|i snkKIP 441/89
|0 0
|1 0
|4 0
|d 1998-03-09
|l 0
|r 2005-01-02 00:00:00
|w 2026-02-23
|
| 952 |
|
|
|t P60, <04>, [BOOK], {604}
|a SNK
|b SNK
|y VYP
|7 0
|p 17A0445409
|o snkIB 61406 D1
|i snkKIP 442/89
|0 0
|1 1
|4 0
|d 1998-03-09
|l 0
|r 2005-01-02 00:00:00
|w 2026-02-23
|